<?xml version="1.0" encoding="UTF-8"?>
<record
    xmlns:xsi="http://www.w3.org/2001/XMLSchema-instance"
    xsi:schemaLocation="http://www.loc.gov/MARC21/slim http://www.loc.gov/standards/marcxml/schema/MARC21slim.xsd"
    xmlns="http://www.loc.gov/MARC21/slim">

  <leader>00955nam a22002177a 4500</leader>
  <controlfield tag="005">20150109142342.0</controlfield>
  <controlfield tag="008">150109b        xxu||||| |||| 00| 0 spa d</controlfield>
  <datafield tag="040" ind1=" " ind2=" ">
    <subfield code="a">CO-BoIAVH</subfield>
    <subfield code="c">CO-BoIAVH</subfield>
  </datafield>
  <datafield tag="041" ind1=" " ind2=" ">
    <subfield code="a">spa</subfield>
  </datafield>
  <datafield tag="044" ind1=" " ind2=" ">
    <subfield code="a">pe</subfield>
  </datafield>
  <datafield tag="090" ind1=" " ind2=" ">
    <subfield code="a">EA</subfield>
    <subfield code="b">00246</subfield>
  </datafield>
  <datafield tag="110" ind1="1" ind2=" ">
    <subfield code="a">Per&#xFA;</subfield>
    <subfield code="b">Uni&#xF3;n Internacional para la Conservaci&#xF3;n de la Naturaleza-UICN</subfield>
    <subfield code="9">31306</subfield>
  </datafield>
  <datafield tag="245" ind1="1" ind2=" ">
    <subfield code="a">&#xBF;C&#xF3;mo Obtener el Permiso de Aprovechamiento Forestal y Gestionar Nuestros Bosques Comunales? :</subfield>
    <subfield code="b">Gu&#xED;a N&#xB0; 1</subfield>
  </datafield>
  <datafield tag="260" ind1=" " ind2=" ">
    <subfield code="a">Lima :</subfield>
    <subfield code="b">Uni&#xF3;n Internacional para la Conservaci&#xF3;n de la Naturaleza-UICN,</subfield>
    <subfield code="b">Ministerio de Asuntos Exteriores y de Cooperaci&#xF3;n-AECID,</subfield>
    <subfield code="c">2011.</subfield>
  </datafield>
  <datafield tag="300" ind1=" " ind2=" ">
    <subfield code="a">47 pag</subfield>
    <subfield code="b">Il.</subfield>
    <subfield code="c">25 cm</subfield>
  </datafield>
  <datafield tag="650" ind1=" " ind2=" ">
    <subfield code="a">Aprovechamiento Forestal </subfield>
    <subfield code="x">Legislaci&#xF3;n</subfield>
    <subfield code="9">31307</subfield>
  </datafield>
  <datafield tag="650" ind1=" " ind2=" ">
    <subfield code="a">Aprovechamiento Forestal </subfield>
    <subfield code="x">Administraci&#xF3;n forestal.</subfield>
    <subfield code="9">31308</subfield>
  </datafield>
  <datafield tag="650" ind1=" " ind2=" ">
    <subfield code="a">Aprovechamiento Forestal </subfield>
    <subfield code="x">Explotaci&#xF3;n forestal</subfield>
    <subfield code="9">31309</subfield>
  </datafield>
  <datafield tag="650" ind1=" " ind2=" ">
    <subfield code="a">Aprovechamiento Forestal </subfield>
    <subfield code="x">Gesti&#xF3;n Ambiental </subfield>
    <subfield code="9">31310</subfield>
  </datafield>
  <datafield tag="942" ind1=" " ind2=" ">
    <subfield code="2">z</subfield>
    <subfield code="c">LIBRO</subfield>
  </datafield>
  <datafield tag="999" ind1=" " ind2=" ">
    <subfield code="c">8953</subfield>
    <subfield code="d">8953</subfield>
  </datafield>
  <datafield tag="952" ind1=" " ind2=" ">
    <subfield code="0">0</subfield>
    <subfield code="1">0</subfield>
    <subfield code="2">z</subfield>
    <subfield code="4">0</subfield>
    <subfield code="7">0</subfield>
    <subfield code="8">EDUAMBIENT</subfield>
    <subfield code="I">INV2017</subfield>
    <subfield code="a">Venado</subfield>
    <subfield code="b">Venado</subfield>
    <subfield code="d">2015-01-09</subfield>
    <subfield code="e">Instituto</subfield>
    <subfield code="g">39000.00</subfield>
    <subfield code="l">0</subfield>
    <subfield code="o">EA-00246</subfield>
    <subfield code="p">034922</subfield>
    <subfield code="r">2015-01-09 00:00:00</subfield>
    <subfield code="t">Ej. 1</subfield>
    <subfield code="w">2015-01-09</subfield>
    <subfield code="x">Donaci&#xF3;n</subfield>
    <subfield code="y">LIBRO</subfield>
  </datafield>
</record>
